| 000 | 01039cam a22002531i 4500 | ||
|---|---|---|---|
| 003 | SA-RiAUC | ||
| 005 | 20250415060653.0 | ||
| 008 | 250413s1997 jo f 00000 ara c | ||
| 040 |
_aSD-KhNU _bara _cSA-RiAUC _erda |
||
| 043 | _aa-iq--- | ||
| 082 | 0 | 4 | _a346.56 |
| 090 |
_a346.56 _bع ب و |
||
| 100 | 1 |
_aالعبودي، عباس _eمؤلف. |
|
| 245 | 1 | 2 |
_aالتعاقد عن طريق وسائل الاتصال الفوري وحجيتها في الإثبات المدني : _bدراسة مقارنة / _cعباس العبودي. |
| 264 | 1 |
_aعمان، الأردن : _bدار الثقافة للنشر والتوزيع، _c1997 |
|
| 300 | _a341 صفحة | ||
| 336 |
_aنص _btxt _2rdacontent _3كتاب |
||
| 337 |
_aبدون وسيط _bn _2rdamedia |
||
| 338 |
_aمجلد _bnc _2rdacarrier |
||
| 650 | 7 |
_aالعقود الإلكترونية _xقوانين وتشريعات _zالعراق _2aucsh |
|
| 650 | 7 |
_aالإثبات (قانون) _zالعراق _2aucsh |
|
| 942 |
_2ddc _cBOOK _n0 |
||
| 949 |
_aSA-JeALM _d250413 _umohamedma123 _n1 |
||
| 999 |
_c7033 _d7033 |
||